Responses for show #8062 - Tuesday, October 1, 2019

Contestants

[<< previous game]

Kevin Boettcher, a university administrator from Binghamton, New York

Abby Grubbs, a study-abroad advisor from Hillsborough, North Carolina

Laurel Lathrop, a graduate student from Tallahassee, Florida (whose 2-day cash winnings total $64,002)

[next game >>]

Jeopardy! Round responses

CLUES ACROSS AMERICA
JUMP AROUND!
NOT-SO-SECRET SERVICE CODE NAMES
HODGEPODGE
WHAT'S THAT AWARD FOR?
CHIP & DALE
    $200 1
Appomattox

Kevin
    $200 26
Malia

Abby
    $200 5
(Laurel: What is the emu?)

the ostrich

LaurelKevin
    $200 25
(Laurel: What is tennis?)

science fiction

LaurelKevin
    $400 17
Boston cream pie

Laurel
    $400 27
vault

Kevin
    $400 23
Dick Cheney

Laurel
    $400 3
Orville Redenbacher

Laurel
    $400 24
humor

Kevin
    $400 28
[The end-of-the-round signal sounds.]

"Wild Thing"

Laurel
    $600 18
Dr Pepper

Laurel
    $600 2
spring

Kevin
    $600 22
Ronald Reagan

Kevin
    $600 4
the Liberty Bell

Abby
    $600 12
NBA (basketball)

Kevin
    $600 15
(Kevin: Who is Annie Oakley?)
...
(Alex: Who is Mrs. Roy Rogers, ]*].)

Dale Evans

Kevin
Triple Stumper
    $800 13
Windsor (Ontario)

Kevin
    $800 20
a hop

Laurel
    $800 10
(Abby: What is a slalom?)

Mogul

Abby
Triple Stumper
    $800 8
a Super Soaker

Laurel
    $800 6
comics

Kevin
    $800 16
Harry Potter

Abby
    $1000 14
Navy Pier

Kevin
    $1000 19
bounce

Triple Stumper
    $2,800 11
Sarah Palin

Kevin
    $1000 9
(Joseph) Lister

Kevin
    $1000 7
advertising

Abby
    $1000 21
(Alex: Less than a minute now.)

Chip Kelly

Kevin

Scores at the first commercial break (after clue 16):

Laurel Abby Kevin
$1,000 $1,600 $7,400

Scores at the end of the Jeopardy! Round:

Laurel Abby Kevin
$3,400 $1,800 $10,000

Double Jeopardy! Round responses

LITERARY NARRATORS
ENDS IN "X"
IND-ICC-TED!
(Alex: The "ICC" refers to the International Criminal Court.)
THE INSECT WORLD
FILM DIRECTORS
CHIPPENDALE
    $400 13
Ishmael

Laurel
    $400 1
reflex

Kevin
    $400 27
The Hague

Kevin
    $400 24
(Alex: Less than a minute now.)

a moth

Laurel
    $400 19
Madonna

Kevin
    $400 25
a sofa

Laurel
    $800 12
Nick Carraway

Laurel
    $800 3
an equinox

Triple Stumper
    $800 22
(Muammar) Qaddafi

Abby
    $800 20
locusts

Kevin
    $800 14
Oliver Stone

Kevin
    $800 26
a violin

Abby
    $1200 10
Faulkner

Abby
    $1200 4
beatbox

Kevin
    $1200 17
the Ivory Coast

Abby
    $1200 15
thorax

Kevin
    $1200 2
M. Night Shyamalan

Abby
    $1200 28
maker's mark

Kevin
    $1600 8
Death

Abby
    $1600 9
(Abby: What is lox?)

gravlax

AbbyKevin
    $3,000 16
Sudan

Kevin
    $1,000 21
a carpenter bee

Kevin
    $1600 5
Steven Soderbergh

Laurel
    $1600 29
[The end-of-the-round signal sounds.]

the Victoria and Albert Museum

Laurel
    $2000 7
"The Cask of Amontillado"

Kevin
    $2000 11
convex

Laurel
    $2000 18
Interpol

Kevin
    $2000 23
spiracles

Triple Stumper
    $2000 6
(Abby: Who is Robert Redford?)
(Laurel: Who is John Huston?)

John Ford

LaurelAbby
Triple Stumper

Scores at the end of the Double Jeopardy! Round:

Laurel Abby Kevin
$8,600 $5,000 $26,000
(lock game)

[wagering suggestions for these scores]

Final Jeopardy! Round responses

MOUNTAIN RANGES
AbbyWhat are the Cascades
$5,000
LaurelWhat are the Olympian
$8,599
KevinWhat are the P Coastal Mtns.?
$3,000
Cascades

Final scores:

Laurel Abby Kevin
$1 $10,000 $23,000
3rd place: $1,000 2nd place: $2,000 New champion: $23,000

Game dynamics:

Coryat scores:

Laurel Abby Kevin
$8,600 $5,000 $23,400
14 R,
3 W
10 R,
3 W
27 R
(including 3 DDs),
1 W

Combined Coryat: $37,000

The J! Archive is created by fans, for fans. The Jeopardy! game show and all elements thereof, including but not limited to copyright and trademark thereto, are the property of Jeopardy Productions, Inc. and are protected under law. This website is not affiliated with, sponsored by, or operated by Jeopardy Productions, Inc. Join the discussion at JBoard.tv.